| 000 | 02881cam a2200565 i 4500 | ||
|---|---|---|---|
| 001 | 22342398 | ||
| 003 | NUST | ||
| 005 | 20220825120829.0 | ||
| 006 | m |o d | | ||
| 007 | cr ||||||||||| | ||
| 008 | 200921s2019 nyu of 001 0 eng | ||
| 010 | _a 2020753765 | ||
| 020 |
_a9781260121681 _qebook |
||
| 020 |
_z1260121674 _qpaperback |
||
| 020 |
_z9781260121674 _qpaperback |
||
| 038 | _aAzhar | ||
| 040 |
_aDLC _beng _erda _epn _cDLC |
||
| 050 | 0 | 0 | _aPE1112 |
| 082 | 0 | 4 |
_a428.2 _223 _bLES |
| 100 | 1 |
_aLester, Mark, _eauthor. _994997 |
|
| 245 | 1 | 4 |
_aThe McGraw-Hill Education handbook of English grammar and usage _cMark Lester and Larry Beason. |
| 246 | 3 | 0 | _aHandbook of English grammar and usage |
| 246 | 3 | 0 | _aEnglish grammar and usage |
| 246 | 3 | 4 | _aMcGraw-Hill education handbook of English grammar & usage |
| 246 | 3 | 0 | _aEnglish grammar & usage |
| 250 | _aThird edition. | ||
| 260 |
_aNew York : _bMcGraw-Hill Education, _c2019 |
||
| 264 | 1 | _c[2019] | |
| 300 | _a1 online resource (xii, 433 pages) | ||
| 336 |
_atext _btxt _2rdacontent |
||
| 337 |
_acomputer _bc _2rdamedia |
||
| 338 |
_aonline resource _bcr _2rdacarrier |
||
| 500 | _aIncludes index. | ||
| 505 | 0 | _aPart I: Grammar 101. Parts of speech ; Basic phrases ; Sentences and clauses ; Verb forms ; Verbals -- Part II: How to find and correct mistakes. Writing complete sentences ; Subject-verb agreement ; Pronoun problems ; Verb problems ; Modification ; Commas ; Apostrophes ; Semicolons and colons ; Quotation marks ; Dashes, hyphens, and other punctuation ; Capitalization ; Parallelism ; Grammar etiquette for digital communication -- Appendix A: Homophone misspellings and commonly confused word. | |
| 520 | _aReviews the rules of English grammar, covering such topics as verb forms, subject-verb agreement, punctuation, capitalization, parallelism, who versus whom, and etiquette for digital communication. | ||
| 563 | _aPB | ||
| 588 | _aDescription based on print version record and CIP data provided by publisher; resource not viewed. | ||
| 650 | 0 |
_aEnglish language _xGrammar _vHandbooks, manuals, etc. _994998 |
|
| 650 | 0 |
_aEnglish language _xUsage _vHandbooks, manuals, etc. _994999 |
|
| 650 | 7 |
_aLANGUAGE ARTS & DISCIPLINES / Grammar & Punctuation. _2bisacsh _995000 |
|
| 650 | 7 |
_aEnglish language _xGrammar. _2fast _0(OCoLC)fst00911209 _935697 |
|
| 650 | 7 |
_aEnglish language _xUsage. _2fast _0(OCoLC)fst00911918 _913151 |
|
| 655 | 7 |
_aHandbooks and manuals. _2fast _0(OCoLC)fst01423877 _9280 |
|
| 655 | 7 |
_aHandbooks and manuals. _2lcgft _9280 |
|
| 700 | 1 |
_aBeason, Larry, _eauthor. _995001 |
|
| 776 | 0 | 8 |
_iPrint version: _tThe McGraw-Hill Education handbook of English grammar and usage _dNew York : McGraw-Hill Education, [2019] _z1260121674 _w(DLC) 2020304158 |
| 906 |
_a0 _bcbc _corigcop _d1 _eecip _f20 _gy-gencatlg |
||
| 942 |
_2ddc _cLC |
||
| 999 |
_c590594 _d590594 |
||